Managing Innovation and Standards : (Record no. 1679)

MARC details
000 -LEADER
fixed length control field 03314cam a22005895i 4500
001 - CONTROL NUMBER
control field data
005 - DATE AND TIME OF LATEST TRANSACTION
control field 20260322212112.0
006 - FIXED-LENGTH DATA ELEMENTS--ADDITIONAL MATERIAL CHARACTERISTICS
fixed length control field data
007 - PHYSICAL DESCRIPTION FIXED FIELD--GENERAL INFORMATION
fixed length control field data
008 - FIXED-LENGTH DATA ELEMENTS--GENERAL INFORMATION
fixed length control field data
035 ## - SYSTEM CONTROL NUMBER
System control number 21936582
010 ## - LIBRARY OF CONGRESS CONTROL NUMBER
LC control number 2019767618
020 ## - INTERNATIONAL STANDARD BOOK NUMBER
International Standard Book Number 9783030015329
024 7# - OTHER STANDARD IDENTIFIER
Standard number or code 10.1007/978-3-030-01532-9
Source of number or code doi
035 ## - SYSTEM CONTROL NUMBER
System control number (DE-He213)978-3-030-01532-9
040 ## - CATALOGING SOURCE
Original cataloging agency DLC
Language of cataloging eng
Description conventions rda
-- rda
Transcribing agency DLC
072 #7 - SUBJECT CATEGORY CODE
Subject category code BUS087000
Source bisacsh
072 #7 - SUBJECT CATEGORY CODE
Subject category code KJMV6
Source bicssc
072 #7 - SUBJECT CATEGORY CODE
Subject category code KJMV6
Source thema
072 #7 - SUBJECT CATEGORY CODE
Subject category code PDG
Source thema
082 04 - DEWEY DECIMAL CLASSIFICATION NUMBER
Classification number 658.514
Edition information 23
097 00 -
-- HD28-70
100 1# - MAIN ENTRY--PERSONAL NAME
Personal name Wiegmann, Paul Moritz,
Relator term author.
245 10 - TITLE STATEMENT
Title Managing Innovation and Standards :
Remainder of title A Case in the European Heating Industry /
Statement of responsibility, etc. by Paul Moritz Wiegmann.
250 ## - EDITION STATEMENT
Edition statement 1st ed. 2019.
264 #1 - PRODUCTION, PUBLICATION, DISTRIBUTION, MANUFACTURE, AND COPYRIGHT NOTICE
Place of production, publication, distribution, manufacture Cham :
Name of producer, publisher, distributor, manufacturer Imprint: Palgrave Pivot,
-- Imprint: Palgrave Pivot,
Date of production, publication, distribution, manufacture, or copyright notice 2019.
300 ## - PHYSICAL DESCRIPTION
Extent 1 online resource (XIII, 171 pages 4 illustrations)
336 ## - CONTENT TYPE
Content type term text
Content type code txt
Source rdacontent
337 ## - MEDIA TYPE
Media type term computer
Media type code c
Source rdamedia
338 ## - CARRIER TYPE
Carrier type term online resource
Carrier type code cr
Source rdacarrier
347 ## - DIGITAL FILE CHARACTERISTICS
File type text file
Encoding format PDF
Source rda
505 0# - FORMATTED CONTENTS NOTE
Formatted contents note Introduction - Rooting the Study in the Theoretical Context -- Background on Methodology and Case -- Standards, Regulation and Conformity Assessment for mCHP -- Managing Standards for mCHP on Company Level -- Industry Level Collaboration in mCHP Standardisation and Regulation -- Building a Grounded Theory on Managing Standards in Innovation Contexts -- Conclusions - Managing Standards in Innovation within the Company and Beyond.
506 ## - RESTRICTIONS ON ACCESS NOTE
Standardized terminology for access restriction Unrestricted online access
506 0# - RESTRICTIONS ON ACCESS NOTE
Terms governing access Open Access
520 ## - SUMMARY, ETC.
Summary, etc. This book provides an in-depth study of the management of standards and regulation in sustainable and radical innovation development. It considers the case of micro Combined Heat and Power (mCHP) technology. The developers of this radical innovation in the European heating sector encountered major conflicts when attempting to create or adapt standards when bringing the technology to market. Utilising rich research data and interviews with key actors, the author uses this case to derive a grounded theory on the management of standards and regulation during an innovation process. The results also have important implications for innovators, which are reflected in clear advice for practice.
540 ## - TERMS GOVERNING USE AND REPRODUCTION NOTE
Terms governing use and reproduction Creative Commons Attribution 4.0 International.
Standardized terminology for use and reproduction rights CC BY 4.0
Uniform Resource Identifier <a href="https://creativecommons.org/licenses/by/4.0/legalcode/">https://creativecommons.org/licenses/by/4.0/legalcode/</a>
588 ## - SOURCE OF DESCRIPTION NOTE
Source of description note Description based on publisher-supplied MARC data.
650 #0 - SUBJECT ADDED ENTRY--TOPICAL TERM
Topical term or geographic name entry element Industrial management.
650 #0 - SUBJECT ADDED ENTRY--TOPICAL TERM
Topical term or geographic name entry element Management.
650 14 - SUBJECT ADDED ENTRY--TOPICAL TERM
Topical term or geographic name entry element Innovation/Technology Management.
Authority record control number or standard number https://scigraph.springernature.com/ontologies/product-market-codes/518000
650 24 - SUBJECT ADDED ENTRY--TOPICAL TERM
Topical term or geographic name entry element Management.
Authority record control number or standard number https://scigraph.springernature.com/ontologies/product-market-codes/515000
776 08 - ADDITIONAL PHYSICAL FORM ENTRY
Relationship information Print version:
Title Managing innovation and standards.
International Standard Book Number 9783030015312
Record control number (DLC) 2018956730
776 08 - ADDITIONAL PHYSICAL FORM ENTRY
Relationship information Printed edition:
International Standard Book Number 9783030015312
776 08 - ADDITIONAL PHYSICAL FORM ENTRY
Relationship information Printed edition:
International Standard Book Number 9783030015336
776 08 - ADDITIONAL PHYSICAL FORM ENTRY
Relationship information Printed edition:
International Standard Book Number 9783030131838
856 40 - ELECTRONIC LOCATION AND ACCESS
Path gdcebookspublic
Electronic name 2019767618
Uniform Resource Identifier <a href="https://hdl.loc.gov/loc.gdc/gdcebookspublic.2019767618">https://hdl.loc.gov/loc.gdc/gdcebookspublic.2019767618</a>
906 ## - LOCAL DATA ELEMENT F, LDF (RLIN)
a 0
b ibc
c origres
d u
e ncip
f 20
g y-gencatlg
925 0# -
-- acquire
-- pcnspringer
-- policy default
985 ## -
-- gdc/doab
985 ## -
-- gdc/scd
985 ## -
-- springerpcn
-- batch8
Holdings
Withdrawn status Lost status Damaged status Not for loan Home library Current library Shelving location Date acquired Total checkouts Full call number Barcode Date last seen Price effective from Koha item type
        Springfield Springfield General stacks 22/03/2026   658.514 LOC-SPL-00022 22/03/2026 22/03/2026 Books